000 00479nam a2200169 i 4500
001 25348
003 ES-MaACL
005 20251207063031.0
007 t|
008 021224s1911 sp ||||1| spa d
100 1 _aArmas y Cárdenas, José de,
_d1866-1919
_9171611
245 1 0 _aEstudios y retratos /
_cJosé de Armas y Cardenas.
260 _aMadrid :
_bFortanet,
_c1911.
300 _aXII, 314 p. ;
_c20 cm.
852 _aES-MaACL
_jF-6500
999 _c25348
_d25348